| 000 | 00898aam a2200313 4500 | ||
|---|---|---|---|
| 005 | 20161028162205.0 | ||
| 008 | 150717b xxu||||| |||| 00| 0 spa d | ||
| 041 | _aEspañol | ||
| 082 | _a338.5 B322m | ||
| 100 |
_aBassols Zaleta, Antonio _914728 |
||
| 245 | _aMicroeconomía | ||
| 260 |
_aMéxico _bThomson _c2005 |
||
| 300 | _a289 páginas | ||
| 650 |
_aMICROECONOMÍA _9701 |
||
| 650 |
_aMETODOLOGÍA DE CIENCIA ECONÓMICA _914729 |
||
| 650 |
_aDEMANDA _9194 |
||
| 650 |
_aOFERTA _9193 |
||
| 650 |
_aEQUILIBRIO DEL MERCADO _914730 |
||
| 650 |
_aELASTICIDAD _97420 |
||
| 650 |
_aPRECIO _9637 |
||
| 650 |
_aPRECIOS TOPE _914731 |
||
| 650 |
_aCONDUCTA DEL CONSUMIDOR _97422 |
||
| 650 |
_aCOMPORTAMIENTO DEL CONSUMIDOR _9722 |
||
| 650 |
_aFUNCIÓN PRODUCCIÓN _914732 |
||
| 650 |
_aCOSTOS _929625 |
||
| 650 |
_aCOSTOS DE PRODUCCIÓN _93044 |
||
| 650 |
_aCOMPETENCIA _9743 |
||
| 942 | _cBK | ||
| 999 |
_c1848 _d1848 |
||